|
|
|
|
| LEADER |
00000nas a22000007i 4500 |
| 001 |
ssj0002161940 |
| 003 |
WaSeSS |
| 005 |
20200512172242.0 |
| 006 |
m d |
| 007 |
cr n |
| 008 |
140312c20129999okufr s 1 a0eng |
| 010 |
|
|
|a 2016200219
|
| 022 |
|
|
|y 2471-8823
|
| 024 |
8 |
|
|a 97809851089908
|
| 024 |
8 |
|
|z no. 1
|
| 035 |
|
|
|a (WaSeSS)ssj0002161940
|
| 040 |
|
|
|a OKX
|b eng
|c OKX
|d OKX
|d OCLCF
|d DLC
|d WaSeSS
|
| 042 |
|
|
|a nsdp
|a pcc
|
| 082 |
1 |
0 |
|a 378.17
|2 23
|
| 222 |
|
0 |
|a Journal of transformative learning
|
| 245 |
0 |
0 |
|a Journal of transformative learning
|h [electronic resource].
|
| 246 |
1 |
|
|a Transformative learning
|
| 246 |
1 |
|
|a JTL
|
| 260 |
|
|
|a Edmond, OK :
|b Transformative Learning Press
|
| 310 |
|
|
|a Semiannual
|
| 362 |
1 |
|
|a No. 1 (2011/2012) - Vol. 2 (2012/2013). Continues online only.
|
| 506 |
|
|
|a License restrictions may limit access.
|
| 588 |
|
|
|a Description based on: Vol. 2 [ 2012 / 2013 ] ; title from cover (surrogate).
|
| 588 |
|
|
|a Latest issue consulted: Vol. 2 [ 2012 / 2013 ] (Surrogate).
|
| 650 |
|
0 |
|a Adult learning
|v Periodicals.
|
| 650 |
|
0 |
|a Critical pedagogy
|v Periodicals.
|
| 650 |
|
0 |
|a Transformative learning
|v Periodicals.
|
| 650 |
|
7 |
|a Adult learning.
|2 fast
|0 (OCoLC)fst00797364
|
| 650 |
|
7 |
|a Critical pedagogy.
|2 fast
|0 (OCoLC)fst00883676
|
| 650 |
|
7 |
|a Transformative learning.
|2 fast
|0 (OCoLC)fst01743611
|
| 653 |
|
0 |
|a Transformative education
|
| 655 |
|
0 |
|a Electronic journals.
|
| 710 |
2 |
|
|a University of Central Oklahoma.
|
| 856 |
4 |
0 |
|z Full text available from Research Library: 01/01/2015 to present
|u https://search.proquest.com/publication/4326714
|